[Event "WYCC U18 Girls 2019"]
[Site "Mumbai"]
[Date "2019.10.07"]
[Round "7.4"]
[White "Hamedi Nia, Vesal"]
[Black "Munkhzul, Turmunkh"]
[Result "1/2-1/2"]
[WhiteElo "2057"]
[BlackElo "2332"]
[Annotator "ChessBase"]
[PlyCount "76"]
[EventDate "2019.10.02"]
[EventType "swiss"]
[EventCountry "IND"]
[SourceTitle "playchess.com"]
[Source "ChessBase"]
[SourceQuality "1"]
[TimeControl "40/5400+30:1800+30"]

1. d4 {[%emt 0:00:00]} d5 {[%emt 0:00:00]} 2. c4 {[%emt 0:00:07]} c6 {[%emt 0:00:09]} 3. cxd5 {[%emt 0:00:34]} cxd5 {[%emt 0:00:06]} 4. Nc3 {[%emt 0:00:37]} Nf6 {[%emt 0:00:14]} 5. Bf4 {[%emt 0:00:45]} Nc6 {[%emt 0:00:13]} 6. e3 {[%emt 0:00:40]} Bf5 {[%emt 0:00:33]} 7. Qb3 {[%emt 0:01:40]} Na5 {[%emt 0:00:25]} 8. Qa4+ {[%emt 0:00:40]} Bd7 {[%emt 0:00:21]} 9. Qc2 {[%emt 0:00:17]} e6 {[%emt 0:00:13]} 10. Bd3 {[%emt 0:01:28]} Nc6 {[%emt 0:01:05]} 11. Qe2 {[%emt 0:02:06]} Be7 {[%emt 0:01:54]} 12. Nf3 {[%emt 0:01:03]} O-O {[%emt 0:00:39]} 13. O-O {[%emt 0:01:05]} Nh5 {[%emt 0:03:25]} 14. Be5 f5 {[%emt 0:05:16]} 15. Ne1 {[%emt 0:29:57]} Nxe5 {[%emt 0:10:47]} 16. dxe5 {[%emt 0:01:25]} g6 {[%emt 0:00:29]} 17. Nf3 {[%emt 0:09:55]} Qb6 {[%emt 0:03:00]} 18. Bb5 {[%emt 0:09:12]} Bc6 {[%emt 0:08:49]} 19. Nd4 {[%emt 0:02:29]} Ng7 {[%emt 0:00:35]} 20. Rfc1 {[%emt 0:02:49]} Bxb5 {[%emt 0:08:04]} 21. Qxb5 {[%emt 0:00:42]} Rfc8 {[%emt 0:00:37]} 22. Na4 {[%emt 0:08:30]} Qxb5 {[%emt 0:00:25]} 23. Nxb5 {[%emt 0:00:09]} Ne8 {[%emt 0:00:29]} 24. b3 {[%emt 0:01:59]} Rxc1+ {[%emt 0:10:40]} 25. Rxc1 {[%emt 0:00:02]} Kf7 {[%emt 0:00:18]} 26. Kf1 {[%emt 0:02:31]} Bb4 {[%emt 0:08:01]} 27. a3 {[%emt 0:02:47]} Be7 {[%emt 0:00:25]} 28. b4 {[%emt 0:09:21]} a5 {[%emt 0:11:13]} 29. Nc5 {[%emt 0:03:20]} axb4 {[%emt 0:00:53]} 30. axb4 {[%emt 0:00:01]} Rc8 {[%emt 0:01:07]} 31. Na7 {[%emt 0:00:27]} Rc7 {[%emt 0:03:22]} 32. Nb5 {[%emt 0:00:22]} Rc6 {[%emt 0:02:14]} 33. Na7 {[%emt 0:01:14]} Rc7 {[%emt 0:00:48]} 34. Nb5 {[%emt 0:00:02]} Rc8 {[%emt 0:00:06]} 35. Na7 {[%emt 0:00:05]} Ra8 {[%emt 0:00:31]} 36. Nb5 {[%emt 0:00:26]} Rc8 {[%emt 0:06:33]} 37. Na7 {[%emt 0:00:06]} Ra8 {[%emt 0:05:16]} 38. Nb5 {[%emt 0:00:02]} Rc8 {[%emt 0:00:25]} 1/2-1/2

[Event "WYCC U18 Girls 2019"]
[Site "Mumbai"]
[Date "2019.10.07"]
[Round "7.5"]
[White "Obolentseva, Alexandra"]
[Black "Nomindalai Tumurbaatar"]
[Result "1-0"]
[WhiteElo "2282"]
[BlackElo "2061"]
[Annotator "ChessBase"]
[PlyCount "65"]
[EventDate "2019.10.02"]
[EventType "swiss"]
[EventCountry "IND"]
[SourceTitle "playchess.com"]
[Source "ChessBase"]
[SourceQuality "1"]
[TimeControl "40/5400+30:1800+30"]

1. d4 {[%emt 0:00:00]} d6 {[%emt 0:00:00]} 2. Nf3 {[%emt 0:00:00]} Bg4 {[%emt 0:00:00]} 3. g3 {[%emt 0:00:03]} Bxf3 {[%emt 0:00:29]} 4. exf3 {[%emt 0:00:07]} d5 {[%emt 0:00:29]} 5. c3 {[%emt 0:05:57]} e6 {[%emt 0:02:52]} 6. Qb3 {[%emt 0:01:09]} Qc8 {[%emt 0:02:34]} 7. Bh3 {[%emt 0:00:23]} Nf6 {[%emt 0:00:59]} 8. O-O {[%emt 0:01:04]} c5 {[%emt 0:06:36]} 9. dxc5 {[%emt 0:04:20]} Bxc5 {[%emt 0:00:15]} 10. Be3 {[%emt 0:00:06]} Bxe3 {[%emt 0:04:17]} 11. fxe3 {[%emt 0:00:07]} O-O {[%emt 0:00:15]} 12. Nd2 {[%emt 0:02:51]} Qc5 {[%emt 0:02:15]} 13. Rfe1 {[%emt 0:01:30]} Nc6 {[%emt 0:01:18]} 14. Bf1 {[%emt 0:03:17]} Rfd8 {[%emt 0:08:51]} 15. Qb5 {[%emt 0:01:41]} Qe7 {[%emt 0:08:05]} 16. Rad1 {[%emt 0:00:56]} a6 {[%emt 0:00:54]} 17. Qe2 {[%emt 0:04:21]} b5 {[%emt 0:03:45]} 18. Nb3 {[%emt 0:09:55]} Qa7 {[%emt 0:05:22]} 19. Kh1 {[%emt 0:01:34]} Ne5 {[%emt 0:06:24]} 20. g4 {[%emt 0:05:00]} g5 {[%emt 0:07:05]} 21. Nd4 {[%emt 0:02:01]} Rac8 {[%emt 0:01:50]} 22. f4 {[%emt 0:00:43]} gxf4 {[%emt 0:15:16]} 23. exf4 {[%emt 0:00:08]} Nexg4 {[%emt 0:08:01]} 24. h3 {[%emt 0:01:39]} Nh6 {[%emt 0:00:20]} 25. Qe5 {[%emt 0:00:41]} Ne4 {[%emt 0:03:17]} 26. Rxe4 {[%emt 0:00:11]} dxe4 {[%emt 0:02:37]} 27. Qg5+ {[%emt 0:00:09]} Kh8 {[%emt 0:04:27]} 28. Qf6+ {[%emt 0:00:10]} Kg8 {[%emt 0:00:04]} 29. Be2 {[%emt 0:02:13]} Qb6 {[%emt 0:05:08]} 30. Qxh6 {[%emt 0:00:26]} Kh8 {[%emt 0:00:41]} 31. Qf6+ {[%emt 0:00:07]} Kg8 {[%emt 0:00:06]} 32. Qh6 {[%emt 0:00:10]} Kh8 {[%emt 0:00:29]} 33. Rg1 {[%emt 0:00:05]} 1-0

[Event "WYCC U18 Girls 2019"]
[Site "Mumbai"]
[Date "2019.10.07"]
[Round "7.6"]
[White "Yan, Tianqi"]
[Black "Radeva, Viktoria"]
[Result "1-0"]
[WhiteElo "2236"]
[BlackElo "2277"]
[Annotator "ChessBase"]
[PlyCount "107"]
[EventDate "2019.10.02"]
[EventType "swiss"]
[EventCountry "IND"]
[SourceTitle "playchess.com"]
[Source "ChessBase"]
[SourceQuality "1"]
[TimeControl "40/5400+30:1800+30"]

1. e4 {[%emt 0:00:00]} e6 {[%emt 0:00:00]} 2. d4 {[%emt 0:00:00]} d5 {[%emt 0:00:00]} 3. Nd2 {[%emt 0:00:01]} c5 {[%emt 0:00:00]} 4. Ngf3 {[%emt 0:00:10]} cxd4 {[%emt 0:00:00]} 5. exd5 {[%emt 0:00:08]} Qxd5 {[%emt 0:00:01]} 6. Bc4 {[%emt 0:00:08]} Qd6 {[%emt 0:00:10]} 7. O-O {[%emt 0:00:18]} Nf6 {[%emt 0:00:05]} 8. Nb3 {[%emt 0:00:07]} Nc6 {[%emt 0:00:09]} 9. Nbxd4 {[%emt 0:00:11]} Nxd4 {[%emt 0:00:04]} 10. Nxd4 {[%emt 0:05:19]} Be7 {[%emt 0:00:16]} 11. c3 {[%emt 0:04:09]} O-O {[%emt 0:00:35]} 12. Qf3 {[%emt 0:02:15]} Qb6 {[%emt 0:00:26]} 13. Be3 {[%emt 0:13:58]} Qc7 {[%emt 0:13:02]} 14. Bb3 {[%emt 0:01:18]} Bd7 {[%emt 0:02:43]} 15. Rfe1 {[%emt 0:03:36]} Bd6 {[%emt 0:10:45]} 16. h3 {[%emt 0:00:38]} e5 {[%emt 0:02:24]} 17. Nc2 {[%emt 0:07:04]} Bc6 {[%emt 0:03:59]} 18. Qe2 {[%emt 0:03:56]} Nd5 {[%emt 0:11:54]} 19. Rad1 {[%emt 0:03:50]} Nf4 {[%emt 0:10:00]} 20. Bxf4 {[%emt 0:00:13]} exf4 {[%emt 0:00:05]} 21. Nd4 {[%emt 0:00:32]} Rae8 {[%emt 0:04:37]} 22. Qd3 {[%emt 0:02:41]} Rxe1+ {[%emt 0:01:59]} 23. Rxe1 {[%emt 0:00:04]} Bd7 {[%emt 0:03:58]} 24. Nf3 {[%emt 0:06:59]} Bc6 {[%emt 0:06:47]} 25. Ng5 {[%emt 0:06:05]} g6 {[%emt 0:00:28]} 26. Ne6 {[%emt 0:03:41]} fxe6 {[%emt 0:13:07]} 27. Rxe6 {[%emt 0:00:07]} Kh8 {[%emt 0:00:32]} 28. Qxd6 {[%emt 0:04:13]} Qxd6 {[%emt 0:00:23]} 29. Rxd6 {[%emt 0:00:04]} Re8 {[%emt 0:03:08]} 30. Kf1 {[%emt 0:02:15]} Bb5+ {[%emt 0:01:40]} 31. c4 {[%emt 0:00:27]} Bc6 {[%emt 0:00:09]} 32. Bd1 {[%emt 0:01:20]} Kg7 {[%emt 0:04:57]} 33. Bf3 {[%emt 0:01:56]} Bxf3 {[%emt 0:00:35]} 34. Rd7+ {[%emt 0:00:07]} Kh6 {[%emt 0:03:59]} 35. gxf3 {[%emt 0:00:07]} Rb8 {[%emt 0:00:11]} 36. h4 {[%emt 0:01:28]} g5 {[%emt 0:02:38]} 37. hxg5+ {[%emt 0:00:07]} Kxg5 {[%emt 0:00:04]} 38. Rxh7 {[%emt 0:00:11]} a5 {[%emt 0:00:52]} 39. Rd7 {[%emt 0:00:43]} b6 {[%emt 0:00:16]} 40. Rd5+ {[%emt 0:00:12]} Kf6 {[%emt 0:00:31]} 41. Rb5 {[%emt 0:30:26]} Ke6 {[%emt 0:03:09]} 42. c5 {[%emt 0:00:00]} Kd5 {[%emt 0:00:30]} 43. cxb6+ {[%emt 0:00:00]} Kc4 {[%emt 0:00:24]} 44. a4 {[%emt 0:00:00]} Rb7 {[%emt 0:00:19]} 45. b3+ {[%emt 0:00:00]} Kc3 {[%emt 0:00:37]} 46. Rxa5 {[%emt 0:00:00]} Rxb6 {[%emt 0:01:08]} 47. Rb5 {[%emt 0:00:00]} Re6 {[%emt 0:00:39]} 48. a5 {[%emt 0:00:00]} Kd2 {[%emt 0:02:44]} 49. Rb6 {[%emt 0:00:00]} Re1+ {[%emt 0:00:06]} 50. Kg2 {[%emt 0:00:00]} Ra1 {[%emt 0:00:17]} 51. a6 {[%emt 0:00:00]} Kc3 {[%emt 0:04:35]} 52. b4 {[%emt 0:00:00]} Kc4 {[%emt 0:00:03]} 53. b5 {[%emt 0:00:00]} Kc5 {[%emt 0:00:13]} 54. Rb7 {[%emt 0:00:00]} 1-0

[Event "WYCC U18 Girls 2019"]
[Site "Mumbai"]
[Date "2019.10.07"]
[Round "7.7"]
[White "Muetsch, Annmarie"]
[Black "Makhija, Aashna"]
[Result "1/2-1/2"]
[WhiteElo "2266"]
[BlackElo "2084"]
[Annotator "ChessBase"]
[PlyCount "69"]
[EventDate "2019.10.02"]
[EventType "swiss"]
[EventCountry "IND"]
[SourceTitle "playchess.com"]
[Source "ChessBase"]
[SourceQuality "1"]
[TimeControl "40/5400+30:1800+30"]

1. e4 {[%emt 0:00:00]} e6 {[%emt 0:00:00]} 2. d4 {[%emt 0:00:00]} d5 {[%emt 0:00:07]} 3. Nd2 {[%emt 0:00:00]} Be7 {[%emt 0:00:09]} 4. Bd3 {[%emt 0:00:00]} c5 {[%emt 0:01:02]} 5. dxc5 {[%emt 0:00:08]} Nf6 {[%emt 0:01:09]} 6. Qe2 {[%emt 0:00:15]} O-O {[%emt 0:00:34]} 7. Ngf3 {[%emt 0:00:20]} a5 {[%emt 0:00:31]} 8. O-O {[%emt 0:00:58]} Na6 {[%emt 0:00:30]} 9. e5 {[%emt 0:00:42]} Nd7 {[%emt 0:00:12]} 10. c4 {[%emt 0:00:18]} Naxc5 {[%emt 0:01:06]} 11. Bc2 {[%emt 0:00:21]} b6 {[%emt 0:00:39]} 12. Rd1 {[%emt 0:11:26]} Ba6 {[%emt 0:01:37]} 13. b3 {[%emt 0:01:13]} Qc7 {[%emt 0:01:57]} 14. Bb2 {[%emt 0:03:25]} Rfd8 {[%emt 0:01:14]} 15. Rac1 {[%emt 0:03:10]} Nf8 {[%emt 0:01:56]} 16. h4 {[%emt 0:15:50]} Rac8 {[%emt 0:05:59]} 17. Qe3 {[%emt 0:12:03]} dxc4 {[%emt 0:04:07]} 18. Nxc4 {[%emt 0:03:16]} Bxc4 {[%emt 0:01:50]} 19. bxc4 {[%emt 0:00:51]} Rxd1+ {[%emt 0:06:17]} 20. Rxd1 {[%emt 0:04:22]} Rd8 {[%emt 0:13:38]} 21. Rc1 {[%emt 0:03:26]} Na6 {[%emt 0:04:49]} 22. h5 {[%emt 0:02:02]} h6 {[%emt 0:05:56]} 23. Bb1 {[%emt 0:06:14]} Rd7 {[%emt 0:02:26]} 24. Qe2 {[%emt 0:03:32]} Qd8 {[%emt 0:09:44]} 25. Kh2 {[%emt 0:05:49]} Nc5 {[%emt 0:06:10]} 26. Rc3 {[%emt 0:02:52]} Na4 {[%emt 0:02:17]} 27. Rb3 {[%emt 0:00:11]} Nxb2 {[%emt 0:01:18]} 28. Rxb2 {[%emt 0:01:15]} Bc5 {[%emt 0:05:54]} 29. Bc2 {[%emt 0:01:35]} Ba3 {[%emt 0:07:00]} 30. Rb1 {[%emt 0:01:01]} Qc7 {[%emt 0:02:07]} 31. g3 {[%emt 0:03:43]} Bb4 {[%emt 0:03:25]} 32. Kg2 {[%emt 0:01:48]} Rd8 {[%emt 0:03:36]} 33. Rh1 {[%emt 0:04:04]} Be7 {[%emt 0:00:52]} 34. Rb1 {[%emt 0:02:36]} Bb4 {[%emt 0:03:13]} 35. Rh1 {[%emt 0:03:02]} 1/2-1/2

[Event "WYCC U18 Girls 2019"]
[Site "Mumbai"]
[Date "2019.10.07"]
[Round "7.8"]
[White "Serikbay, Assel"]
[Black "Aciu, Malina-Andreea"]
[Result "1-0"]
[WhiteElo "2208"]
[BlackElo "2076"]
[Annotator "ChessBase"]
[PlyCount "61"]
[EventDate "2019.10.02"]
[EventType "swiss"]
[EventCountry "IND"]
[SourceTitle "playchess.com"]
[Source "ChessBase"]
[SourceQuality "1"]
[TimeControl "40/5400+30:1800+30"]

1. d4 {[%emt 0:00:00]} d5 {[%emt 0:00:00]} 2. Nf3 {[%emt 0:00:00]} Nf6 {[%emt 0:00:00]} 3. c4 {[%emt 0:00:00]} dxc4 {[%emt 0:00:00]} 4. e3 {[%emt 0:00:02]} Bg4 {[%emt 0:00:00]} 5. Bxc4 {[%emt 0:00:21]} e6 {[%emt 0:00:00]} 6. O-O {[%emt 0:00:54]} Nc6 {[%emt 0:00:05]} 7. Nc3 {[%emt 0:01:42]} Bd6 {[%emt 0:01:16]} 8. h3 {[%emt 0:01:46]} Bh5 {[%emt 0:00:07]} 9. Be2 {[%emt 0:02:55]} O-O {[%emt 0:00:26]} 10. a3 {[%emt 0:02:54]} Qe7 {[%emt 0:02:58]} 11. b4 {[%emt 0:17:39]} a6 {[%emt 0:06:26]} 12. Bb2 {[%emt 0:07:51]} Rad8 {[%emt 0:01:19]} 13. Qb3 {[%emt 0:06:24]} e5 {[%emt 0:28:52]} 14. dxe5 {[%emt 0:05:03]} Nxe5 {[%emt 0:08:32]} 15. Nd4 {[%emt 0:01:08]} Bg6 {[%emt 0:05:09]} 16. Nb1 {[%emt 0:16:09]} c5 {[%emt 0:05:52]} 17. bxc5 {[%emt 0:00:11]} Bxc5 {[%emt 0:00:05]} 18. Nd2 {[%emt 0:01:17]} Ne4 {[%emt 0:02:27]} 19. Rad1 {[%emt 0:09:01]} Ba7 {[%emt 0:10:35]} 20. Nxe4 {[%emt 0:03:34]} Bxe4 {[%emt 0:00:05]} 21. f3 {[%emt 0:01:09]} Bg6 {[%emt 0:12:23]} 22. f4 {[%emt 0:08:47]} Nd3 {[%emt 0:12:28]} 23. Rxd3 {[%emt 0:01:47]} Bxd3 {[%emt 0:00:04]} 24. Qxd3 {[%emt 0:00:05]} Rfe8 {[%emt 0:00:06]} 25. Rf3 {[%emt 0:01:11]} Bxd4 {[%emt 0:01:12]} 26. Bxd4 {[%emt 0:00:16]} Rc8 {[%emt 0:00:04]} 27. Rg3 {[%emt 0:01:50]} Rc1+ {[%emt 0:00:32]} 28. Kh2 {[%emt 0:00:12]} f6 {[%emt 0:00:14]} 29. Qf5 {[%emt 0:04:05]} Rc6 {[%emt 0:00:54]} 30. Bf3 {[%emt 0:01:17]} Qe6 {[%emt 0:02:00]} 31. Bd5 {[%emt 0:00:10]} 1-0

[Event "WYCC U18 Girls 2019"]
[Site "Mumbai"]
[Date "2019.10.07"]
[Round "7.9"]
[White "Kucharska, Honorata"]
[Black "Toshali, V."]
[Result "1/2-1/2"]
[WhiteElo "2114"]
[BlackElo "1868"]
[Annotator "ChessBase"]
[PlyCount "118"]
[EventDate "2019.10.02"]
[EventType "swiss"]
[EventCountry "IND"]
[SourceTitle "playchess.com"]
[Source "ChessBase"]
[SourceQuality "1"]
[TimeControl "40/5400+30:1800+30"]

1. e4 c6 2. d4 d5 3. exd5 cxd5 4. Bd3 Nc6 5. c3 Qc7 6. Ne2 Bg4 7. O-O e6 8. Qe1 Bd6 9. f3 Bh5 10. Qh4 Bg6 11. Bxg6 fxg6 12. Nf4 Kf7 13. Nd3 Nf6 14. f4 Rhf8 15. Be3 Kg8 16. Nd2 Ne7 17. Qh3 Nf5 18. Rae1 b5 19. g4 Nxe3 20. Rxe3 Rae8 21. Qg2 a5 22. Ne5 b4 23. cxb4 Bxb4 24. Nb1 Qa7 25. Rd3 Ne4 26. Qe2 Rc8 27. Rdd1 Bd6 28. Qd3 g5 29. Nd2 Nxd2 30. Rxd2 gxf4 31. Nf3 e5 32. Qb5 Bb4 33. Rd3 exd4 34. Qxd5+ Qf7 35. Qxf7+ Rxf7 36. a3 Bc5 37. Rc1 Rfc7 38. Kg2 Bb6 39. Rcd1 Rc2+ 40. R1d2 Rxd2+ 41. Rxd2 Rd8 42. Ne5 a4 43. h4 Ba5 44. Rd3 Rb8 45. Nc4 Bd8 46. h5 g5 47. hxg6 hxg6 48. Kf3 Bf6 49. Kxf4 Kf7 50. Ke4 Re8+ 51. Kd5 Re2 52. Nd6+ Ke7 53. Ne4 Rxb2 54. Nxf6 Kxf6 55. Rxd4 Rb5+ 56. Kc6 Ra5 57. Kb6 Ra8 58. Kb7 Ra5 59. Kb6 Ke5 1/2-1/2

[Event "WYCC U18 Girls 2019"]
[Site "Mumbai"]
[Date "2019.10.07"]
[Round "7.10"]
[White "Harshini A"]
[Black "Azali, Tannaz"]
[Result "1-0"]
[WhiteElo "2230"]
[BlackElo "2022"]
[Annotator "ChessBase"]
[PlyCount "65"]
[EventDate "2019.10.02"]
[EventType "swiss"]
[EventCountry "IND"]
[SourceTitle "playchess.com"]
[Source "ChessBase"]
[SourceQuality "1"]
[TimeControl "40/5400+30:1800+30"]

1. e4 {[%emt 0:00:00]} c5 {[%emt 0:00:00]} 2. Nf3 {[%emt 0:00:05]} e6 {[%emt 0:00:00]} 3. d4 {[%emt 0:00:12]} cxd4 {[%emt 0:00:00]} 4. Nxd4 {[%emt 0:00:04]} Nc6 {[%emt 0:00:14]} 5. Nc3 {[%emt 0:00:26]} Qc7 {[%emt 0:01:22]} 6. Be2 {[%emt 0:00:17]} a6 {[%emt 0:00:09]} 7. O-O {[%emt 0:00:30]} Nf6 {[%emt 0:00:54]} 8. Kh1 {[%emt 0:00:26]} Be7 {[%emt 0:00:11]} 9. f4 {[%emt 0:00:37]} d6 {[%emt 0:00:37]} 10. a4 {[%emt 0:00:20]} O-O {[%emt 0:01:13]} 11. Be3 {[%emt 0:00:12]} Nxd4 {[%emt 0:01:49]} 12. Qxd4 {[%emt 0:00:45]} Bd7 {[%emt 0:01:35]} 13. e5 {[%emt 0:03:39]} Ne8 {[%emt 0:02:58]} 14. Bd3 {[%emt 0:02:25]} Bc6 {[%emt 0:07:02]} 15. Bg1 {[%emt 0:04:55]} Rd8 {[%emt 0:06:10]} 16. Qe3 {[%emt 0:00:41]} g6 {[%emt 0:07:39]} 17. Qg3 {[%emt 0:03:01]} Ng7 {[%emt 0:02:31]} 18. a5 {[%emt 0:00:23]} Nh5 {[%emt 0:06:13]} 19. Qg4 {[%emt 0:06:17]} dxe5 {[%emt 0:10:55]} 20. Bb6 {[%emt 0:01:20]} Qb8 {[%emt 0:01:11]} 21. Bxd8 {[%emt 0:04:02]} Bxd8 {[%emt 0:02:57]} 22. fxe5 {[%emt 0:01:45]} Qxe5 {[%emt 0:00:25]} 23. Qe2 {[%emt 0:09:40]} Qg5 {[%emt 0:12:55]} 24. Ne4 {[%emt 0:05:37]} Qh6 {[%emt 0:01:35]} 25. Kg1 {[%emt 0:00:23]} Bc7 {[%emt 0:02:24]} 26. g3 {[%emt 0:06:31]} f5 {[%emt 0:06:43]} 27. Nd6 {[%emt 0:05:54]} g5 {[%emt 0:07:57]} 28. Qe5 {[%emt 0:05:03]} Rd8 {[%emt 0:03:45]} 29. Nxf5 {[%emt 0:00:40]} exf5 {[%emt 0:01:15]} 30. Qxc7 {[%emt 0:00:15]} Rd7 {[%emt 0:00:46]} 31. Qb8+ {[%emt 0:00:44]} Kg7 {[%emt 0:00:41]} 32. Rxf5 {[%emt 0:00:17]} Nf6 {[%emt 0:00:35]} 33. Raf1 {[%emt 0:01:32]} 1-0

[Event "WYCC U18 Girls 2019"]
[Site "Mumbai"]
[Date "2019.10.07"]
[Round "7.11"]
[White "Khachatryan, Anna"]
[Black "Nilssen, Ellen Fredericia"]
[Result "1-0"]
[WhiteElo "2044"]
[BlackElo "2137"]
[Annotator "ChessBase"]
[PlyCount "97"]
[EventDate "2019.10.02"]
[EventType "swiss"]
[EventCountry "IND"]
[SourceTitle "playchess.com"]
[Source "ChessBase"]
[SourceQuality "1"]
[TimeControl "40/5400+30:1800+30"]

1. c4 {[%emt 0:00:36]} c5 {[%emt 0:02:43]} 2. Nf3 {[%emt 0:00:15]} Nc6 {[%emt 0:00:14]} 3. g3 {[%emt 0:01:41]} g6 {[%emt 0:00:12]} 4. Bg2 {[%emt 0:00:13]} Bg7 {[%emt 0:00:09]} 5. O-O {[%emt 0:00:46]} e6 {[%emt 0:00:41]} 6. Nc3 {[%emt 0:01:38]} Nge7 {[%emt 0:00:09]} 7. d3 {[%emt 0:01:18]} O-O {[%emt 0:01:36]} 8. Be3 {[%emt 0:09:39]} d6 {[%emt 0:01:10]} 9. Qc1 {[%emt 0:01:07]} Rb8 {[%emt 0:05:08]} 10. Bh6 {[%emt 0:04:36]} a6 {[%emt 0:04:16]} 11. Bxg7 {[%emt 0:05:36]} Kxg7 {[%emt 0:00:03]} 12. h4 {[%emt 0:03:11]} Nf5 {[%emt 0:07:33]} 13. Ng5 {[%emt 0:12:48]} Bd7 {[%emt 0:12:06]} 14. e3 {[%emt 0:08:20]} Ne5 {[%emt 0:03:34]} 15. Qc2 {[%emt 0:07:49]} Bc6 {[%emt 0:02:19]} 16. Nce4 {[%emt 0:07:13]} Qe7 {[%emt 0:07:01]} 17. Rad1 {[%emt 0:09:14]} Rbc8 {[%emt 0:04:40]} 18. Nf3 {[%emt 0:06:55]} Nxf3+ {[%emt 0:09:33]} 19. Bxf3 {[%emt 0:00:06]} Nh6 {[%emt 0:04:17]} 20. Bg2 {[%emt 0:01:43]} Ng4 {[%emt 0:04:04]} 21. b3 {[%emt 0:02:36]} f5 {[%emt 0:03:20]} 22. Qb2+ {[%emt 0:00:14]} Kg8 {[%emt 0:02:40]} 23. Ng5 {[%emt 0:00:34]} e5 {[%emt 0:04:21]} 24. Qe2 {[%emt 0:00:16]} Nf6 {[%emt 0:00:36]} 25. Rfe1 {[%emt 0:01:10]} Nh5 {[%emt 0:01:27]} 26. Bf3 {[%emt 0:03:03]} h6 {[%emt 0:02:56]} 27. Nh3 {[%emt 0:01:44]} Ng7 {[%emt 0:00:25]} 28. Bxc6 {[%emt 0:01:30]} bxc6 {[%emt 0:02:58]} 29. d4 {[%emt 0:00:31]} cxd4 {[%emt 0:02:29]} 30. exd4 {[%emt 0:00:05]} Rfe8 {[%emt 0:00:17]} 31. dxe5 {[%emt 0:00:24]} dxe5 {[%emt 0:00:10]} 32. Nf4 {[%emt 0:00:45]} Qf6 {[%emt 0:02:00]} 33. Nd3 {[%emt 0:00:34]} e4 {[%emt 0:01:13]} 34. Qb2 {[%emt 0:01:40]} Qf7 {[%emt 0:04:59]} 35. Nc5 {[%emt 0:01:13]} Rcd8 {[%emt 0:01:53]} 36. Nxa6 {[%emt 0:01:56]} Qa7 {[%emt 0:01:01]} 37. Nb4 {[%emt 0:00:04]} Rxd1 {[%emt 0:01:03]} 38. Rxd1 {[%emt 0:00:03]} e3 {[%emt 0:00:05]} 39. Nxc6 {[%emt 0:02:01]} Qc7 {[%emt 0:01:33]} 40. Nb4 {[%emt 0:01:09]} e2 {[%emt 0:02:20]} 41. Re1 {[%emt 0:30:43]} Qa5 {[%emt 0:13:09]} 42. Nd3 {[%emt 0:00:00]} Qd8 {[%emt 0:02:31]} 43. Qc2 {[%emt 0:00:00]} f4 {[%emt 0:05:13]} 44. Nxf4 {[%emt 0:00:00]} g5 {[%emt 0:00:07]} 45. Nd5 {[%emt 0:00:00]} gxh4 {[%emt 0:00:42]} 46. Rxe2 {[%emt 0:00:00]} Rxe2 {[%emt 0:02:49]} 47. Qxe2 {[%emt 0:00:00]} hxg3 {[%emt 0:00:06]} 48. fxg3 {[%emt 0:00:00]} Qg5 {[%emt 0:00:13]} 49. Qe3 {[%emt 0:00:00]} 1-0

[Event "WYCC U18 Girls 2019"]
[Site "Mumbai"]
[Date "2019.10.07"]
[Round "7.12"]
[White "Pandey Srishti"]
[Black "Tarini Goyal"]
[Result "1/2-1/2"]
[WhiteElo "1963"]
[BlackElo "2128"]
[Annotator "ChessBase"]
[PlyCount "60"]
[EventDate "2019.10.02"]
[EventType "swiss"]
[EventCountry "IND"]
[SourceTitle "playchess.com"]
[Source "ChessBase"]
[SourceQuality "1"]
[TimeControl "40/5400+30:1800+30"]

1. e4 c6 2. d4 d5 3. Nd2 dxe4 4. Nxe4 Bf5 5. Ng3 Bg6 6. h4 h6 7. Nh3 Nf6 8. Nf4 Bh7 9. Bc4 e6 10. O-O Bd6 11. Re1 O-O 12. c3 a5 13. a4 Re8 14. Ngh5 Nbd7 15. g3 Nxh5 16. Nxh5 Nf6 17. Bf4 Bxf4 18. Nxf4 Qb6 19. Qb3 Qxb3 20. Bxb3 g5 21. hxg5 hxg5 22. Nh3 g4 23. Nf4 Kg7 24. Re3 Bf5 25. Rae1 Rh8 26. Ng2 Nh7 27. Nh4 Ng5 28. Kg2 Rh5 29. Bd1 Rah8 30. b3 Kf6 1/2-1/2

[Event "WYCC U18 Girls 2019"]
[Site "Mumbai"]
[Date "2019.10.07"]
[Round "7.12"]
[White "Pandey Srishti"]
[Black "Tarini Goyal"]
[Result "*"]
[WhiteElo "1963"]
[BlackElo "2128"]
[Annotator "ChessBase"]
[PlyCount "41"]
[EventDate "2019.10.02"]
[EventType "swiss"]
[EventCountry "IND"]
[SourceTitle "playchess.com"]
[Source "ChessBase"]
[SourceQuality "1"]
[TimeControl "40/5400+30:1800+30"]

1. e4 c6 2. d4 d5 3. Nd2 dxe4 4. Nxe4 Bf5 5. Ng3 Bg6 6. h4 h6 7. Nh3 Nf6 8. Nf4 Bh7 9. Bc4 e6 10. O-O Bd6 11. Re1 O-O 12. c3 a5 13. a4 Re8 14. Ngh5 Nbd7 15. g3 Nxh5 16. Nxh5 Nf6 17. Bf4 Bxf4 18. Nxf4 Qb6 19. Qb3 Qb5 20. Qb4 Qxb4 21. Bb3 *